000 00416nam a2200169Ia 4500
008 090711s9999 xx 000 0 und d
082 _b35706
100 _aराजे शैलजा
245 _aदसरा
260 _c1976
300 _a115
600 _aराजे शैलजा
630 _aदसरा
700 _aराजे शैलजा
730 _aदसरा
942 _cBOOK
999 _c309327
_d309327